[Event "Monteolivete op 3rd"]
[Site "Alboraia"]
[Date "2023.07.21"]
[Round "7"]
[White "Tarnowska, Aleksandra"]
[Black "Galstyan, David"]
[Result "1/2-1/2"]
[WhiteElo "1835"]
[BlackElo "2128"]
[PlyCount "81"]
[EventDate "2023.07.17"]
[EventType "swiss"]
[EventRounds "9"]
[EventCountry "ESP"]
[SourceTitle "CBM 215 Extra"]
[Source "ChessBase"]
[SourceDate "2023.09.30"]
[SourceVersion "1"]
[SourceVersionDate "2023.09.30"]
[SourceQuality "1"]

1. e4 e6 2. d4 d5 3. Nd2 c5 4. exd5 Qxd5 5. Ngf3 cxd4 6. Bc4 Qd6 7. 0-0 Nf6 8. Nb3 Nc6 9. Nbxd4 Nxd4 10. Qxd4 Qxd4 11. Nxd4 a6 12. a4 Bc5 13. Nb3 Ba7 14. Bf4 0-0 15. Be2 e5 16. Bxe5 Re8 17. Bxf6 Rxe2 18. Bc3 Bd7 19. Nd4 Bxd4 20. Bxd4 Rc8 21. a5 Rexc2 22. Bc3 h5 23. Rac1 Rxc1 24. Rxc1 Rc5 25. Re1 h4 26. Re5 Rc4 27. h3 f6 28. Rd5 Bc6 29. Rd4 Rxd4 30. Bxd4 Kf7 31. f3 Ke6 32. Kf2 g5 33. Bc3 Kf5 34. Bd4 Kg6 35. Bc3 f5 36. Bd4 g4 37. fxg4 fxg4 38. hxg4 Kg5 39. Bc3 Kxg4 40. Bf6 Bd5 41. Be7 1/2-1/2

[Event "Aragon-chT Honor Gr I"]
[Site "Aragon"]
[Date "2023.02.18"]
[Round "4.12"]
[White "Latorre Abad, Fernando"]
[Black "Galstyan, David"]
[Result "0-1"]
[WhiteElo "2085"]
[BlackElo "2040"]
[PlyCount "120"]
[EventDate "2023.01.28"]
[EventType "team-tourn"]
[EventRounds "7"]
[EventCountry "ESP"]
[SourceTitle "EXT 2024"]
[Source "ChessBase"]
[SourceDate "2023.10.10"]
[SourceVersion "1"]
[SourceVersionDate "2023.10.10"]
[SourceQuality "1"]
[WhiteTeam "Aragon ONCE"]
[BlackTeam "El Olivar"]
[WhiteTeamCountry "ESP"]
[BlackTeamCountry "ESP"]

1. e4 e6 2. Nf3 d5 3. Nc3 d4 4. Ne2 c5 5. Ng3 Bd6 6. Bc4 Nc6 7. d3 b5 8. Bb3 Bb7 9. 0-0 Qc7 10. c3 Nge7 11. cxd4 cxd4 12. Ne2 Rd8 13. a3 h6 14. g3 e5 15. Nh4 g5 16. Ng2 Na5 17. Ba2 Bc8 18. f4 gxf4 19. gxf4 Be6 20. Bxe6 fxe6 21. fxe5 Bxe5 22. Nef4 Kd7 23. Bd2 Rc8 24. Nxe6 Qc2 25. Nf8+ Rhxf8 26. Qg4+ Kc7 27. Rfc1 Qxc1+ 28. Rxc1+ Nac6 29. Bf4 Bxf4 30. Nxf4 Rg8 31. Ne6+ Kd6 32. Ng7 Rxg7 33. Qxg7 Rg8 34. Qxg8 Nxg8 35. Rf1 Ne5 36. Rf8 Ne7 37. Rf6+ Kd7 38. Rxh6 Nxd3 39. b4 Ne5 40. Kf1 Nc4 41. Rf6 d3 42. h4 Nd2+ 43. Ke1 Nxe4 44. Rf4 d2+ 45. Kd1 Nd5 46. Rxe4 Nc3+ 47. Kxd2 Nxe4+ 48. Kd3 Nf6 49. Ke3 Ke6 50. Kf4 Nh5+ 51. Kg5 Ng3 52. Kf4 Nf5 53. h5 Nd4 54. Ke4 Nc2 55. h6 Kf6 56. Kd5 Nxa3 57. Kc6 Kg6 58. Kb7 Kxh6 59. Kxa7 Kg5 60. Kb6 Kf4 0-1

[Event "ESP-ch U16 Rapid"]
[Site "Salobrena"]
[Date "2022.07.30"]
[Round "3"]
[White "Moll Gener, Joan"]
[Black "Galstyan, David"]
[Result "0-1"]
[WhiteElo "1718"]
[BlackElo "1481"]
[PlyCount "58"]
[EventDate "2022.07.30"]
[EventType "swiss (rapid)"]
[EventRounds "9"]
[EventCountry "ESP"]
[SourceTitle "EXT 2023"]
[Source "ChessBase"]
[SourceDate "2022.10.05"]
[SourceVersion "1"]
[SourceVersionDate "2022.10.05"]
[SourceQuality "1"]

1. e4 e6 2. d4 d5 3. Bd3 dxe4 4. Bxe4 Nf6 5. Bf3 Nbd7 6. Ne2 Bd6 7. 0-0 0-0 8. Be3 e5 9. Nbc3 Re8 10. Ng3 exd4 11. Bxd4 Ne5 12. Bxe5 Bxe5 13. Qxd8 Rxd8 14. Rad1 Bg4 15. Rxd8+ Rxd8 16. Bxg4 Nxg4 17. h3 Bxc3 18. hxg4 Bxb2 19. Rb1 Bd4 20. Rxb7 Bb6 21. Ne4 Kf8 22. Kf1 Ke7 23. c4 Kd7 24. c5 Kc6 25. cxb6 Kxb7 26. bxa7 Kxa7 27. Ng5 f6 28. Ne6 Rd7 29. Ke2 Re7 0-1

[Event "Aragon-chT Honor Gr II"]
[Site "Aragon"]
[Date "2021.05.01"]
[Round "6.22"]
[White "Lorente Melcon, Nicolas"]
[Black "Galstyan, David"]
[Result "0-1"]
[WhiteElo "1681"]
[BlackElo "1816"]
[PlyCount "62"]
[EventDate "2021.03.13"]
[EventType "team-tourn"]
[EventRounds "7"]
[EventCountry "ESP"]
[SourceTitle "EXT 2024"]
[Source "ChessBase"]
[SourceDate "2023.10.10"]
[SourceVersion "1"]
[SourceVersionDate "2023.10.10"]
[SourceQuality "1"]
[WhiteTeam "Helios"]
[BlackTeam "El Olivar"]
[WhiteTeamCountry "ESP"]
[BlackTeamCountry "ESP"]

1. e4 e5 2. Nf3 Nc6 3. c3 d5 4. Qa4 f6 5. Bb5 Nge7 6. 0-0 Be6 7. d4 dxe4 8. Nfd2 exd4 9. Nxe4 a6 10. Bxc6+ Nxc6 11. Rd1 d3 12. Ng3 Qd5 13. Qe4 Qxe4 14. Nxe4 0-0-0 15. Be3 Bf5 16. Nbd2 Be7 17. h4 Bxe4 18. Nxe4 Rhe8 19. Ng3 g6 20. Nf1 f5 21. g3 Ne5 22. Nd2 Ng4 23. Nf3 Nxe3 24. fxe3 Bc5 25. Nd4 Rxe3 26. Kf2 Bxd4 27. cxd4 Re2+ 28. Kf3 Rxd4 29. Rxd3 Rxd3+ 30. Kxe2 Rxg3 31. h5 Rg2+ 0-1

[Event "Aragon-chT Honor Titulo"]
[Site "Aragon"]
[Date "2020.06.27"]
[Round "9.4"]
[White "Vela Frago, Alberto"]
[Black "Galstyan, David"]
[Result "1-0"]
[WhiteElo "2040"]
[BlackElo "1825"]
[PlyCount "73"]
[EventDate "2020.06.27"]
[EventType "team-tourn"]
[EventRounds "10"]
[EventCountry "ESP"]
[SourceTitle "EXT 2024"]
[Source "ChessBase"]
[SourceDate "2023.10.10"]
[SourceVersion "1"]
[SourceVersionDate "2023.10.10"]
[SourceQuality "1"]
[WhiteTeam "St Casablanca"]
[BlackTeam "El Olivar"]
[WhiteTeamCountry "ESP"]
[BlackTeamCountry "ESP"]

1. c4 e5 2. Nc3 Nc6 3. Nf3 f5 4. d3 Nf6 5. g3 Bc5 6. Bg2 d6 7. a3 0-0 8. b4 Bb6 9. 0-0 Qe8 10. e3 f4 11. exf4 Qh5 12. c5 dxc5 13. Nxe5 Qxd1 14. Nxd1 Nxe5 15. fxe5 Ng4 16. Bb2 cxb4 17. axb4 Bf5 18. d4 c6 19. h3 Nh6 20. Ne3 Rad8 21. Rfd1 Be6 22. Rd2 Rd7 23. Bf1 Nf7 24. f4 Nh6 25. Kg2 Rfd8 26. Rad1 c5 27. bxc5 Bxc5 28. Kf3 Bb3 29. Bc4+ Bxc4 30. Nxc4 Bb4 31. Rd3 Nf5 32. Ke4 b5 33. Na3 Bxa3 34. Bxa3 g6 35. g4 Ne7 36. Bxe7 Rxe7 37. d5 1-0